000 00347 a2200157 4500
001 171096
020 _a
040 _cMagnum
100 _aBraz, Julio Emilio
240 1 0 _aPollyana/reencontro infantil
_lpor
245 1 0 _aPollyana/reencontro infantil
362 0 _a1899
440 1 _aScipione
697 _aIJ/FADAS, FANTASIA
942 _cBK
999 _c171096
_d171096